000 00327nam a22001217a 4500
020 _a8174901124
082 _a808.831
_bBAW
_cL-NUST, P-47
245 _aFamous Tales of Arabian Nights
260 _aDelhi
_bDhingra Publishing House
300 _aP143
_bill
_c22cm
526 _a0
_b0
_c0
_d808_831000000000000_BAW
942 _2ddc
_cBK
999 _c550087
_d550087